00422nam a2200145Ia 4500008004100000041000900041082001900050100002500069245001500094260003800109300000800147650000800155999001700163952009600180230718s9999 xx 000 0 und d aEng. a340.565bMUH-M amuhammad abdul basit 0amedia laws aPakistanbfederal law housec2018 a626 aLaw c33020d33020 00104070aSIRC-LbSIRC-Ld2023-07-18l0o340.565 MUH-Mp27971r2023-07-18w2023-07-18yBK